00479nam a2200121Ia 4500008004100000082002200041100001600063245007900079260003500158365000600193630007900199730007900278100415s9999 xx 000 0 und d b5439a595.789(54) aBingham CT aThe Fauna of British India including Ceylon and Burma : Butterflies Vol. I aLONDONc1905bTAYLOR & FRANCIS b0 aThe Fauna of British India including Ceylon and Burma : Butterflies Vol. I aThe Fauna of British India including Ceylon and Burma : Butterflies Vol. I